| 000 | 00914nam a2200253 a 4500 | ||
|---|---|---|---|
| 005 | 20240815063656.0 | ||
| 008 | 020521s1999 mx r 000 0 spa d | ||
| 020 | _a8480194014 | ||
| 035 | _aUPN01000117381 | ||
| 049 | _aCG | ||
| 050 | 4 |
_aGV1201 _bL3.5 |
|
| 100 | 1 | _aLavega Burgués, Pere | |
| 245 | 1 | 0 |
_a1,000 juegos y deportes populares y tradicionales : _bla tradición jugada / _cpor Pere Lavega Burgués, Salvador Olaso Clement ; colab. Lourdes Centeno, Carlos Mata. |
| 260 |
_aBarcelona, Esp. : _bPaidotribo, _c1999. |
||
| 300 |
_a392 p. : _bil. |
||
| 440 | 0 | _apedagogías corporales | |
| 590 | _a(También localizas un ejemplar en el "Area de Reserva") | ||
| 590 | _aBibliografía Básica (BGTQ) | ||
| 650 | 4 |
_aJuegos _95342 |
|
| 650 | 4 |
_aJuego, teoría del _96718 |
|
| 650 | 2 |
_aDeportes _912162 |
|
| 740 | 0 | _aMil juegos y deportes populares y tradicionales : la tradición jugada | |
| 905 | _aLibro | ||
| 999 |
_c89910 _d89910 |
||